Search engine optimization for dummies

Salvato in:
Dettagli Bibliografici
Autore principale:  Kent, Peter
Natura: Sách
Lingua:Undetermined
Pubblicazione:  Wiley Publishing Inc  2012
Soggetti:
Tags: Aggiungi Tag
Nessun Tag, puoi essere il primo ad aggiungerne! !
Thư viện lưu trữ: Trung tâm Thư viện - Trường Đại học Công nghiệp TP. Hồ Chí Minh
LEADER 00512nam a2200157Ia 4500
001 UIH_07472
008 231011s9999 xx 000 0 und d
082 |a  025.04 
100 |a  Kent, Peter 
245 0 |a  Search engine optimization for dummies 
245 0 |c  Kent, Peter 
260 |b  Wiley Publishing Inc 
260 |c  2012 
650 |a  Web search engines; Công cụ tìm kiếm Web;  
927 |a Sách 
980 |a Trung tâm Thư viện - Trường Đại học Công nghiệp TP. Hồ Chí Minh